The power to succeed (Record no. 65191)

MARC details
000 -LEADER
fixed length control field 00549nam a2200193Ia 4500
008 - FIXED-LENGTH DATA ELEMENTS--GENERAL INFORMATION
fixed length control field 191130s2006##################000#0#eng##
020 ## - INTERNATIONAL STANDARD BOOK NUMBER
ISBN 9788179920282
082 ## - DEWEY DECIMAL CLASSIFICATION NUMBER
Classification number 658.4092 RUB
100 ## - MAIN ENTRY--AUTHOR NAME
Personal name Rubino, Dr. Joe
245 ## - TITLE STATEMENT
Title The power to succeed
Statement of responsibility, etc Dr. Joe Rubino
260 ## - PUBLICATION, DISTRIBUTION, ETC. (IMPRINT)
Place of publication Mumbai
Name of publisher Jaico Publishing House
Year of publication 2006
300 ## - PHYSICAL DESCRIPTION
Number of Pages 174p. : ill., 23cm
500 ## - GENERAL NOTE
General note Includes bibliographical references and index
650 ## - SUBJECT ADDED ENTRY--TOPICAL TERM
Topical Term Management
991 ## -
-- 120636
Holdings
Withdrawn status Lost status Damaged status Not for loan Home library Current library Shelving location Date acquired Full call number Accession Number Price effective from Koha item type
        Anna Centenary Library Anna Centenary Library 6TH FLOOR, B WING 09.10.2020 658.4092 RUB 380189 09.10.2020 English Books

Find us on the map